000 00451nam a2200181Ia 4500
001 799
005 20260306140544.0
008 260306t2016||||xx |||||||||||||| ||spa||
041 _aESP
082 _a170
_bC82 Nº 1
100 _aCortés Xiqui, José Pedro
_eAUT
245 0 _aÉtica y valores I:
_bcon enfoque por competencias
260 _c2016
300 _a164 páginas :
_c27 cm.
650 _aGEN
654 _aCHU
942 _cLIB
_dJUS
_fJUS
_2ddc
_n
999 _c799
_d799